Finančné vzdelávanie a finančná gramotnosť na Slovensku

Pojem finančná gramotnosť. Prieskum finančnej gramotnosti. Finančné vzdelávanie.

Saved in:
Bibliographic Details
Main Author: Fabová, Ľudmila
Format: Book Chapter
Language:Slovak
Subjects:
Tags: Add Tag
No Tags, Be the first to tag this record!

MARC

LEADER 00000naa a2200000 4500
001 0122430
005 20231116090354.3
041 0 |a slo 
044 |a SK 
245 1 0 |a Finančné vzdelávanie a finančná gramotnosť na Slovensku  |c Ľudmila Fabová 
520 |a Pojem finančná gramotnosť. Prieskum finančnej gramotnosti. Finančné vzdelávanie. 
610 2 0 |a gramotnosť 
610 2 0 |a financie 
610 2 0 |a vzdelávanie 
610 2 0 |a Slovensko 
610 2 0 |a financie osobné 
100 1 |a Fabová, Ľudmila